000 00763nam a2200229Ii 4500
003 JO-AjNU
008 230605s9999||||xx |||||||||||||| ||und||
017 _a2004/10/2604
020 _a9957-02-185-0
040 _aJO-AjNU
_bara
_erda
_cJO-AjNU
041 _aara
050 1 4 _aN5370.A8322 2005
100 3 _aالعذاري، أنغام تأليف,
_eauthor
_917625
245 0 0 _aبنية التعبير في الفن العراقي القديم
250 _aط1
264 3 1 _aعمان:دار مجدلاوي للنشر والتوزيع، 2005
300 _a364ص
336 _atext
_btxt
_2rdacontent
337 _aunmediated
_bn
_2rdamedia
338 _avolume
_bnc
_2rdacarrier
650 4 _aالفنون التشكيلية-العراق القديم
_917626
999 _aA5483
_c9051
_d9051